|
|
|
|
| LEADER |
00000nam0a2200000 4500 |
| 001 |
220446 |
| 005 |
20231101230333.0 |
| 010 |
|
|
|a 0903359863
|
| 035 |
|
|
|a (RuTPU)RU\TPU\book\240570
|
| 035 |
|
|
|a RU\TPU\book\228858
|
| 090 |
|
|
|a 220446
|
| 100 |
|
|
|a 20120823d2003 km y0engy50 ba
|
| 101 |
0 |
|
|a eng
|
| 102 |
|
|
|a GB
|
| 105 |
|
|
|a a z 001zy
|
| 200 |
1 |
|
|a The United Kingdom. 100 questions answered
|f compiler A. Praill
|
| 210 |
|
|
|a London
|c Foreign & Commonwealth Office
|d 2003
|
| 215 |
|
|
|a 100 p.
|c il.
|
| 320 |
|
|
|a Bibliography: p. 100.
|
| 606 |
1 |
|
|a Великобритания
|x География
|2 stltpush
|3 (RuTPU)RU\TPU\subj\68559
|9 83788
|
| 610 |
1 |
|
|a Соединенное Королевство
|
| 610 |
1 |
|
|a обычаи
|
| 610 |
1 |
|
|a традиции
|
| 610 |
1 |
|
|a спорт
|
| 610 |
1 |
|
|a отдых
|
| 610 |
1 |
|
|a еда
|
| 610 |
1 |
|
|a напитки
|
| 610 |
1 |
|
|a достопримечательности
|
| 610 |
1 |
|
|a туризм
|
| 610 |
1 |
|
|a английский язык
|
| 610 |
1 |
|
|a литература
|
| 610 |
1 |
|
|a акцент
|
| 610 |
1 |
|
|a слэнг
|
| 610 |
1 |
|
|a писатели
|
| 610 |
1 |
|
|a Конституция
|
| 610 |
1 |
|
|a правительство
|
| 610 |
1 |
|
|a монархия
|
| 610 |
1 |
|
|a этикет
|
| 610 |
1 |
|
|a законы
|
| 675 |
|
|
|a 91(410)
|v 3
|
| 702 |
|
1 |
|a Praill
|b A.
|g Alex
|4 220
|
| 801 |
|
1 |
|a RU
|b 63413507
|c 20120213
|
| 801 |
|
2 |
|a RU
|b 63413507
|c 20121002
|g RCR
|
| 942 |
|
|
|c BK
|